000 00905nam a2200253 a 4500
001 BRCA_8032
005 20190320210114.0
008 240314s1890----gw-a###f##---#001-0#ger-#
041 _ager
044 _agw
050 4 _aN2280
_b.D74 1890
245 1 0 _aDie Dresdener Gallerie
_beine Uushmahl der vorzüglichften meisterwerke biefer gröchten und reichhaltigften sammlung in vortrefflichen stahlftichen
_ctext von Adolph Görling.
260 _aMúnich
_bEnglifchen
_c[1890]
300 _a354 p.
_bil., 129 láminas
_c29 cm.
440 0 _aDie Mesterwerke der Bedeutensten Galerie Europas
_vBand I
_919960
500 _aEstado físico: ejemplar muy dañado
500 _aY7
600 1 4 _aDresdenergallerie (Alemania)
_919961
650 1 4 _aPintura
_vCatálogos
_zAlemania
_919962
650 1 4 _aGalerías y museos
_zAlemania
_95059
700 1 _aGörling, Adolph
_919963
902 _aGFM
942 _2lcc
_cB
999 _c7701
_d7701